| 000 | 00878nam a2200253 a 4500 | ||
|---|---|---|---|
| 001 | 62848 | ||
| 003 | BD-RjUL | ||
| 005 | 20211209081129.0 | ||
| 008 | 170126s1969 ii abc b 010 0 engs | ||
| 035 | _a(BD-RjUL)62976 | ||
| 040 |
_aDLC _cDLC _dBD-RjUL _beng |
||
| 041 | _aeng | ||
| 082 |
_223 _a301.0954 _bANT 1969 |
||
| 245 | 0 | 0 |
_aAnthropology and archaeology : _bessays in commemoration of Verrier Elwin, 1902-64 / _cEdited by M. C. Pradhan... [et al] |
| 260 |
_aBombay : _bIndian Branch, Oxford University Press, _cc1969. |
||
| 300 |
_aviii, 328 p. : _bill. ; _c23 cm. |
||
| 504 | _aIncludes bibliographies. | ||
| 600 | 1 | 0 |
_aElwin, Verrier, _d1902-1964. _9159400 |
| 650 | 0 |
_aAnthropology _zIndia. _9189085 |
|
| 650 | 0 |
_aEthnology _zIndia. _9186837 |
|
| 700 | 1 |
_aElwin, Verrier, _d1902-1964. _9186836 |
|
| 700 | 1 |
_aPradhan, Mahesh Chandra, _d1930- _eed. _9186838 |
|
| 942 |
_2ddc _cBK |
||
| 999 |
_c62848 _d62848 |
||